| 000 | 00727nam a2200241Ia 4500 | ||
|---|---|---|---|
| 001 | dia_4170 | ||
| 003 | CHAP | ||
| 005 | 20251029162704.0 | ||
| 008 | 220117s1978 xx 000 0 und d | ||
| 010 | _a174803 | ||
| 040 |
_cCHAP _amxchpua |
||
| 090 | _aFOLLETO 2234 | ||
| 100 |
_aInstituto de capacitación de la industria azucarera _9155652 |
||
| 245 |
_aBatey, cursos informativos para áreas de producción / _c Instituto de capacitación de la industria azucarera |
||
| 260 |
_aMéxico _c1978 |
||
| 300 | _a22 p. | ||
| 500 | _aS/c | ||
| 650 |
_aAzucar _xMaquinaria _99162 |
||
| 901 | _aFOLLETO 2234 | ||
| 902 | _aM | ||
| 905 | _a0000001978 mx A 0000000000spa00 | ||
| 942 |
_cFOLL _2local |
||
| 999 |
_c174803 _d174803 |
||